Science Quiz

Random Science or Blitz Quiz
Score 0/168 Timer 03:00
5 Plays Today
% Correct
3
99.4%
2
99.2%
5
99.2%
7
99.2%
11
98.5%
13
98.4%
17
97.9%
19
97.4%
23
97.3%
29
96.3%
31
96.1%
37
95.6%
41
94.4%
43
93.9%
47
93.8%
53
92.5%
59
91.2%
61
90.3%
67
89.9%
71
88.9%
73
87.9%
79
87.1%
83
86.5%
97
85%
89
84.7%
101
83%
103
81.5%
107
80.5%
113
78.3%
109
77.2%
127
71.7%
131
68.8%
137
66.9%
139
63.1%
149
62.8%
151
61.3%
157
59.8%
163
56.2%
167
56.1%
173
53.2%
179
51.9%
181
50.6%
191
48.6%
193
46.3%
197
46.1%
199
43.1%
211
41.7%
223
36%
227
34.4%
229
33.6%
233
30.8%
239
30.1%
241
28.6%
251
26%
257
24.5%
263
21.5%
% Correct
269
20.1%
271
19.7%
277
18.5%
281
17.1%
283
15.9%
293
14.7%
307
13.4%
311
12.7%
997
11.8%
313
11.6%
317
10.7%
331
10%
337
9.4%
991
8.1%
347
7.8%
349
6.9%
353
6.8%
359
6.4%
401
6.2%
367
6%
911
5.9%
983
5.4%
373
5.3%
379
5.2%
397
4.8%
383
4.8%
389
4.6%
409
4.4%
919
4.1%
419
4%
421
4%
977
3.9%
431
3.7%
971
3.7%
443
3.6%
457
3.5%
967
3.3%
503
3.3%
433
3.3%
601
3.3%
439
3.2%
449
3.2%
557
3.2%
907
3.1%
953
3%
701
3%
499
2.9%
461
2.9%
509
2.9%
937
2.9%
467
2.8%
811
2.8%
521
2.8%
941
2.7%
947
2.7%
929
2.7%
% Correct
491
2.7%
463
2.7%
887
2.7%
479
2.6%
523
2.6%
541
2.6%
487
2.6%
547
2.4%
577
2.4%
809
2.4%
607
2.3%
599
2.3%
877
2.3%
571
2.2%
883
2.2%
613
2.2%
563
2.2%
569
2.2%
661
2.1%
821
2.1%
631
2.1%
587
2.1%
617
2%
881
2%
823
2%
593
1.9%
827
1.9%
619
1.9%
709
1.8%
773
1.9%
829
1.8%
641
1.8%
853
1.8%
839
1.8%
857
1.8%
691
1.8%
757
1.8%
653
1.7%
677
1.7%
647
1.7%
863
1.7%
643
1.7%
659
1.6%
673
1.6%
719
1.6%
727
1.6%
859
1.6%
787
1.5%
797
1.4%
743
1.3%
761
1.4%
683
1.3%
751
1.3%
733
1.3%
739
1.3%
769
1.1%

You're not logged in!

Compare scores with friends on all Sporcle quizzes.
OR
Log In

Sporcle TV

Today on Sporcle TV


Watch our educational content, quiz creation guides, and fun videos on Sporcle TV.

Show Comments

Extras

Top Quizzes Today


Score Distribution

Paid Content

Your Account Isn't Verified!

In order to create a playlist on Sporcle, you need to verify the email address you used during registration. Go to your Sporcle Settings to finish the process.

Report this User

Report this user for behavior that violates our Community Guidelines.

Details: